00357nam a2200145Ia 4500020001800000082002000018100001700038245002800055260003200083300001300115440001800128650002900146700001600175700002000191 a1-86197-466-3 aRR 330.03 BAN-; aBaxter, R.E. 0aDictionary of economics aLondonbProfile Booksc2004 av, 410p. aThe Economist aEconomics - Dictionaries aDavis, Evan aBannock, Graham